000 00566nam a2200181Ia 4500
008 230718s9999 xx 000 0 und d
020 _a9789350350003
041 _aeng
082 _a004
_bSHA
100 _aSharma V.
_9118529
245 _aInformation Technology Law And Practice
_bLaw And Emerging Technology Cyber Law And E-Commerce
250 _a 3rd ed.
260 _c2011
_bUniversal Law Publishing
300 _a566
_dRef 65 IT (39165)
365 _cRs.
_b395.00
700 _aSharma V.
_9118529
906 _dO:0182014-Jun-2011B:250924-May-2011
_cIT
_b59.25
999 _c327958
_d327958